[Event "New Delhi Parsvnath op 9th"]
[Site "New Delhi"]
[Date "2011.01.10"]
[Round "4"]
[White "Shyam, Nikil P"]
[Black "Dinesh, Kumar Gupta"]
[Result "1-0"]
[WhiteElo "2381"]
[BlackElo "1806"]
[PlyCount "40"]
[EventDate "2011.01.08"]
[EventType "swiss"]
[EventRounds "11"]
[EventCountry "IND"]
[SourceTitle "CBM 140 Extra"]
[Source "ChessBase"]
[SourceDate "2011.03.01"]
[SourceVersion "1"]
[SourceVersionDate "2011.03.01"]
[SourceQuality "1"]

1. e4 c5 2. Nf3 Nc6 3. d4 cxd4 4. Nxd4 Nf6 5. Nc3 e5 6. Ndb5 d6 7. Nd5 Nxd5 8. exd5 Ne7 9. c3 Nf5 10. a4 Be7 11. Bd3 0-0 12. 0-0 a6 13. Na3 Bd7 14. Nc4 g6 15. a5 Bb5 16. Nb6 Bxd3 17. Qxd3 Rb8 18. f4 exf4 19. Bxf4 Bg5 20. Bxg5 Qxg5 1-0